Pháp luật về đấu giá quyền sử dụng đất - Thực tiễn tại huyện Phong Điền, thành phố Cần Thơ : Luận văn Thạc sĩ Luật học. Chuyên ngành Luật Kinh tế

Đề tài nghiên cứu cơ sở lý luận và pháp lý của đấu giá quyền sử dụng đất thông qua thực tiễn hoạt động đấu giá quyền sử dụng đất, đề xuất một số giải pháp hoàn thiện quy định pháp luật về đấu giá quyền sử dụng đất cũng như na...

Volledige beschrijving

Bewaard in:
Bibliografische gegevens
Hoofdauteur: Trần, Thụy Quốc Thái
Formaat: Boek
Taal:Undetermined
Gepubliceerd in: Cần Thơ Trường Đại Học Cần Thơ 2015
Onderwerpen:
Tags: Voeg label toe
Geen labels, Wees de eerste die dit record labelt!
Thư viện lưu trữ: Trung tâm Học liệu Trường Đại học Cần Thơ
LEADER 01443nam a2200229Ia 4500
001 CTU_203948
008 210402s9999 xx 000 0 und d
082 |a 346.597043 
082 |b Th103 
100 |a Trần, Thụy Quốc Thái 
245 0 |a Pháp luật về đấu giá quyền sử dụng đất - Thực tiễn tại huyện Phong Điền, thành phố Cần Thơ : 
245 0 |b Luận văn Thạc sĩ Luật học. Chuyên ngành Luật Kinh tế 
245 0 |c Trần Thụy Quốc Thái ; Phan Trung Hiền (Cán bộ hướng dẫn) 
260 |a Cần Thơ 
260 |b Trường Đại Học Cần Thơ 
260 |c 2015 
520 |a Đề tài nghiên cứu cơ sở lý luận và pháp lý của đấu giá quyền sử dụng đất thông qua thực tiễn hoạt động đấu giá quyền sử dụng đất, đề xuất một số giải pháp hoàn thiện quy định pháp luật về đấu giá quyền sử dụng đất cũng như nâng cao hiệu quả trong công tác đấu giá quyền sử dụng đất. 
650 |a Land tenure,Quyền sử dụng đất 
650 |x Law and legislation,Luật và pháp luật 
650 |z Vietnam,Việt Nam 
904 |i Hải 
980 |a Trung tâm Học liệu Trường Đại học Cần Thơ